| 000 | 00354nam a2200145Ia 4500 | ||
|---|---|---|---|
| 008 | 230312s9999||||xx |||||||||||||| ||und|| | ||
| 020 | _a1-57367-215-7 | ||
| 082 |
_a746.442 _bBLI-P |
||
| 100 | _aBlizzard;Vicki | ||
| 245 | 0 | _aPorch & Patio Plastic Canvas | |
| 260 |
_bNeedlecraft _aChina _c2006 |
||
| 300 | _a176 | ||
| 650 | _aArchitecture | ||
| 942 | _cBK | ||
| 999 |
_c12117 _d12117 |
||